000 04880cgm a2201045Ma 4500
001 on1043460861
003 OCoLC
005 20181010095743.0
007 vd cvaizk
008 071031s2007 cau101 e vleng d
040 _aEYB
_beng
_cEYB
_dOCLCO
_dOCLCF
_dUINTA
024 1 _a031398221906
028 4 0 _a22190
_bLionsgate
035 _a(OCoLC)1043460861
037 _bMidwest Tape
_nhttp://www.midwesttapes.com
041 1 _aeng
_jeng
_jspa
_heng
043 _an-us---
050 1 4 _aPN1995.9.C55
_bG663 2008
082 0 4 _a791.43/72
_222
049 _aUCLB
245 0 0 _aGood luck Chuck
_h[videorecording-DVD] /
_cKarz Entertainment ; Lions Gate Films ; produced by Mike Karz, Barry Katz, and Brian Volk-Weiss ; screenplay by Josh Stolberg ; directed by Mark Helfrich.
250 _aUnrated edition.
250 _aWidescreen presentation, 16x9 (1.78:1).
260 _aSanta Monica, CA. :
_bLionsgate Entertainment,
_c[2007]
300 _a1 videodisc (approximately 101 min.) :
_bsound, color ;
_c4 3/4 in.
336 _atwo-dimensional moving image
337 _avideo
338 _avideodisc
538 _aDVD; region 1; 16x9 widescreen presentation 1.78:1. Dolby Digital surround.
546 _aClosed-captioned; in English (Dolby Digital 5.1 surround, Dolby Digital 2.0 stereo.) with optional English or Spanish subtitles.
511 1 _aDane Cook, Jessica Alba, Dan Fogler.
508 _aDirector of photography, Anthony B. Richmond ; editor, Julia Wong ; music, Aaron Zigman ; costume designer, Trish Keating ; production designer, Mark S. Freeborn.
521 8 _aUnrated; contains sequences of strong sexual content including crude dialogue, nudity, language and some drug use.
520 _aIt all started when Charlie Logan was ten years old. Breaking the cardinal rules of spin-the-bottle, Charlie refused to lip-lock with a demented Goth girl. She puts a hex on Charlie. Now, twenty-five years later, Charlie is a successful dentist and still, well, cursed. He discovers that every woman he's ever slept with has found true love - with the next guy after him. Before he knows it, Charlie has become a "good luck charm" for women. But, Charlie is lonely, that is, until he meets Cam. Cam is a beautiful, but accident-prone penguin specialist. When true romance develops, Charlie realizes he has to find a way to break his good-luck curse.
506 _aFor private home use only.
650 0 _aCharms
_zUnited States
_vDrama.
650 0 _aBlessing and cursing
_vDrama.
650 0 _aDentists
_zUnited States
_vDrama.
650 0 _aMan-woman relationships
_zUnited States
_vDrama.
650 0 _aPenguins
_vDrama.
650 7 _aBendiciones y maldiciones
_vTeatro.
_2bidex
650 7 _aTalismanes
_vTeatro.
_2bidex
650 8 _aCharms
_zUnited States
_vDrama.
650 8 _aBlessing and cursing
_vDrama.
650 8 _aDentists
_zUnited States
_vDrama.
650 8 _aMan-woman relationship
_zUnited States
_vDrama.
650 8 _aPenguins
_vDrama.
650 7 _aMan-woman relationship
_zUnited States
_vDrama.
_2sears
650 7 _aBlessing and cursing.
_2fast
_0(OCoLC)fst00834275
650 7 _aCharms.
_2fast
_0(OCoLC)fst00852494
650 7 _aDentists.
_2fast
_0(OCoLC)fst00890717
650 7 _aMan-woman relationships.
_2fast
_0(OCoLC)fst01007080
650 7 _aPenguins.
_2fast
_0(OCoLC)fst01056887
651 7 _aUnited States.
_2fast
_0(OCoLC)fst01204155
655 0 _aVideodiscs.
655 7 _aFeature films.
_2gsafd
655 7 _aComedy films.
_2gsafd
655 7 _aRomantic comedy films.
_2lcgft
655 7 _aComedy films.
_2lcgft
655 7 _aFilm adaptations.
_2lcgft
655 7 _aVideo recordings for the hearing impaired.
_2lcgft
655 7 _aFiction films.
_2lcgft
655 7 _aFeature films.
_2lcgft
655 7 _aRomance
_vFeature.
_2migfg
655 7 _aComedy
_vFeature.
_2migfg
655 7 _aComedy films.
_2fast
_0(OCoLC)fst01710291
655 7 _aDrama.
_2fast
_0(OCoLC)fst01423879
655 7 _aFeature films.
_2fast
_0(OCoLC)fst01710384
655 7 _aFiction films.
_2fast
_0(OCoLC)fst01710264
655 7 _aFilm adaptations.
_2fast
_0(OCoLC)fst01710491
655 7 _aRomantic comedy films.
_2fast
_0(OCoLC)fst01710433
655 7 _aVideo recordings for the hearing impaired.
_2fast
_0(OCoLC)fst01710450
700 1 _aRichmond, Anthony B.
700 1 _aWong, Julia.
700 1 _aZigman, Aaron.
700 1 _aKeating, Trish.
700 1 _aFreeborn, Mark S.
700 1 _aKarz, Mike.
700 1 _aKatz, Barry,
_d1959-
700 1 _aVolk-Weiss, Brian.
700 1 _aStolberg, Josh,
_d1971-
700 1 _aHelfrich, Mark.
700 1 _aCook, Dane.
700 1 _aAlba, Jessica,
_d1981-
700 1 _aFogler, Dan.
700 1 _aGlenn, Steve.
710 2 _aKarz Entertainment (Firm)
710 2 _aLions Gate Films.
994 _aC0
_bUINTA
999 _c237366
_d237366